000
00227 a2200097 4500
001
34618
100
_a
Houghton Mifflin
245
_a
Compact American Thesaurus
260
_a
NY
_b
Houghton Mifflin
_c
1998
090
_c
22902
_d
22902
942
_a
NUST-CAE
_c
M
_c
14339
999
_c
269691
_d
269691